000 01213nam a2200325 i 4500
003 EG-GICUC
005 20260309202535.0
008 260309s2000 ua ||||fr|||| 00| 0 ara d
040 _a EG-GICUC
_bara
_c EG-GICUC
_d EG-GICUC
_erda
041 _aara
082 0 4 _221
_a343.91
_bر م . م
092 0 4 _221
099 _aLaw1 10 343.91 ر م . م 2000
100 0 _aرمضان الحسنين جمعه
_eمؤلف.
245 1 0 _aمفهوم الإرهاب في الفقه الإسلامى /
_cتأليف د.رمضان الحسنين جمعه.
264 1 _aلا يوجد مكان نشر محدد:
_bلا يوجد ناشر محدد،
_c{2000}.
300 _a64 صفحة ;
_c24 سم.
336 _2rda content
_atext
337 _2rda media
_aComputer
338 _2rda carrier
_aOnline Resource
504 _aيشتمل على إرجاعات ببليوجرافية.
546 _aالنص باللغة العربية
650 1 _aالقانون الجنائي
650 1 _aالنظام الجنائي الإسلامي
650 1 _aالإرهاب
650 1 _aالفقه الإسلامى
856 4 0 _uhttps://fll.law.cu.edu.eg/fulltext/bks/B10-08068.pdf
905 _a43
942 _2ddc
_n0
_cBK
_e21
999 _c65917
_d65917